| 000 | 01410cam a2200421 a 4500 | ||
|---|---|---|---|
| 001 | 21575 | ||
| 003 | VRT | ||
| 005 | 20260305134247.0 | ||
| 008 | 180813s1966 xo 000 f slo | ||
| 015 | _aSNBA1966/12-02474 | ||
| 035 | _aSK01SNK19660028742 | ||
| 035 | _aSKM000031205 | ||
| 039 | 9 |
_a202303230758 _bAUTHORITY _c202303230750 _dAUTHORITY _c202105181958 _dAUTHORITY _c202105181952 _dAUTHORITY |
|
| 040 |
_aSNK _bslo _cSNK _eAACR2 |
||
| 041 | 1 | _aslo | |
| 044 |
_axo _cSK |
||
| 080 |
_a885.4-3(087.5) _21981 |
||
| 080 |
_a398.2((437.6)(087.5) _21981 |
||
| 100 | 1 |
_aHabovštiak, Anton, _d1924-2004 _4aut |
|
| 245 | 1 | 0 |
_aZakliate ovečky pod Rozsutcom _cAnton Habovštiak ; ilustrácie Viera Bombová |
| 260 |
_aBanská Bystrica _bStredoslovenské vydavateľstvo _c1966 _eRužomberok _fTlačiarne SNP |
||
| 300 |
_a156, [3] s. _bilustr. _c8° |
||
| 366 | _e11000 výtl. | ||
| 490 | 1 |
_aRozkvet _vzv. 44 |
|
| 500 | _aPozn. Frontispice | ||
| 651 | 0 | 7 |
_aOrava (Slovensko : región) _2SNK |
| 655 | 7 |
_aslovenské ľudové povesti _2SNKPH |
|
| 655 | 7 |
_apublikácie pre deti _2SNKPH |
|
| 655 | 7 |
_aslovenské povesti _2SNKPH |
|
| 700 | 1 |
_aBombová, Viera, _d1932- _4ill |
|
| 830 | 0 | _aRozkvet | |
| 910 | _akis3gmm | ||
| 942 |
_2ddc _cKLDE _n0 |
||
| 949 |
_62889390057 _asavukM 25256 |
||
| 949 |
_617A0323479 _9P60, <05>, [BOOK], {605} _asnkSD 30306 D1 |
||
| 949 |
_617A0822216 _asnkSD 30306 |
||
| 999 |
_c21575 _d21575 |
||